Sports Quiz

Random Sports or NBA Quiz

NBA Player Nicknames Quiz Stats

 Plays Quiz not verified by Sporcle

Also try: NFL Grab Bag
Challenge
Share
Tweet
Embed
Score 0/50 Timer 05:00
0 Plays Today
Nickname % Correct
Black Mamba???
86.4%
Pistol???
84%
Dr. J???
84%
T-Mac???
84%
The Microwave???
82.7%
Mt. Mutombo???
82.7%
Magic???
80.2%
Big O???
79%
Penny???
79%
King???
79%
The Stilt???
77.8%
Big Fundamental???
77.8%
Mailman???
77.8%
Diesel???
76.5%
Answer???
75.3%
The Glide???
74.1%
The Dream???
72.8%
Muggsy???
72.8%
The Glove???
72.8%
White Chocolate???
72.8%
The Truth???
71.6%
Starbury???
71.6%
The Admiral???
70.4%
The Worm???
70.4%
Big Baby???
70.4%
Nickname % Correct
Round Mound of Rebound???
69.1%
The Human Highlight Reel???
66.7%
Agent Zero???
64.2%
Rip???
64.2%
Iceman???
63%
Tiny???
61.7%
Stevie Franchise???
61.7%
Hair Canada???
59.3%
Zo???
56.8%
Legend???
53.1%
Fat???
51.9%
The Pearl???
50.6%
Sleepy???
49.4%
Chocolate Thunder???
48.1%
Big Shot Bob???
48.1%
Zeke ???
45.7%
The Reignman???
42%
The Caveman???
39.5%
Mr. Bigshot???
33.3%
Skip to My Lou???
25.9%
Never Nervous???
23.5%
Baby Jordan???
21%
Big E???
19.8%
Spider???
19.8%
Sky???
16%

You're not logged in!

Compare scores with friends on all Sporcle quizzes.
Join for Free
OR
Log In

You Might Also Like...

Show Comments

Extras

Created Jun 24, 2017ReportNominate
Tags:NBA Quiz, NBA Player, nickname, player

Top Quizzes Today


Score Distribution

Your Account Isn't Verified!

In order to create a playlist on Sporcle, you need to verify the email address you used during registration. Go to your Sporcle Settings to finish the process.

Report this User

Report this user for behavior that violates our Community Guidelines.

Details: